[Event "TCh-ESP Div 1 2015"]
[Site "Linares ESP"]
[Date "2015.08.08"]
[Round "1.1"]
[Board "1"]
[White "Alshameary Puente, Ismael"]
[Black "Oliva Castaneda, Kevel"]
[Result "1/2-1/2"]
[WhiteTitle "FM"]
[BlackTitle "IM"]
[WhiteElo "2370"]
[BlackElo "2488"]
[WhiteTeam "C.A. Alekhine-Espartinas"]
[BlackTeam "C.A. Silla-López Instalaciones"]
[WhiteFideId "2225166"]
[BlackFideId "3500799"]
[EventDate "2015.08.08"]

1. d4 Nf6 2. c4 g6 3. Nf3 Bg7 4. g3 O-O 5. Bg2 d6 6. O-O c6 7. Nc3 Bf5 8. Nh4
Be6 9. d5 cxd5 10. cxd5 Bd7 11. e4 Na6 12. Be3 Qa5 13. a3 Rfc8 14. Bd4 Qd8 15.
Re1 Nc7 16. Qd3 e5 17. Be3 Qe8 18. Bf1 a5 19. b4 axb4 20. axb4 Rxa1 21. Rxa1 Na6
22. Rb1 Qd8 23. f3 Ne8 24. Nb5 Bf8 25. Qd2 Nec7 26. Bb6 Be7 27. Ng2 Qf8 28. Na7
Ra8 29. b5 Nc5 30. Qa5 Ne8 31. Ne3 1/2-1/2

[Event "TCh-ESP Div 1 2015"]
[Site "Linares ESP"]
[Date "2015.08.08"]
[Round "1.1"]
[Board "2"]
[White "Granero Roca, Antonio"]
[Black "Santos Ruiz, Miguel"]
[Result "0-1"]
[WhiteTitle "IM"]
[BlackTitle "FM"]
[WhiteElo "2397"]
[BlackElo "2341"]
[WhiteTeam "C.A. Silla-López Instalaciones"]
[BlackTeam "C.A. Alekhine-Espartinas"]
[WhiteFideId "2210509"]
[BlackFideId "22291482"]
[EventDate "2015.08.08"]

1. d4 e6 2. c4 Bb4+ 3. Bd2 Bxd2+ 4. Qxd2 Nf6 5. Nc3 O-O 6. Nf3 d5 7. e3 Qe7 8.
Qc2 c5 9. cxd5 exd5 10. dxc5 Qxc5 11. Rc1 Nc6 12. Be2 Bg4 13. O-O d4 14. Nxd4
Nxd4 15. exd4 Qxd4 16. Rfd1 Qe5 17. h3 Bxe2 18. Nxe2 Rad8 19. Ng3 g6 20. Qb3 b6
21. Qa3 Rfe8 22. b3 Rxd1+ 23. Rxd1 Re7 24. Qc1 Kg7 25. Qa3 h5 26. Qb4 Re6 27. a4
Rc6 28. Nf1 a5 29. Qd2 Qc3 30. Qf4 Qxb3 31. Ne3 Qe6 32. Rd8 Qe7 33. Rb8 Qe4 34.
Qg5 h4 35. Nf1 Qxa4 36. Qd2 Re6 37. Ne3 Qa1+ 38. Nf1 Re1 39. Qd3 Nd5 40. Rb7 Nf4
41. Qc4 Rxf1+ 0-1

[Event "TCh-ESP Div 1 2015"]
[Site "Linares ESP"]
[Date "2015.08.08"]
[Round "1.1"]
[Board "3"]
[White "Gutierrez Valero, Mario"]
[Black "Zaragoza Montesinos, Ignasi"]
[Result "1-0"]
[WhiteElo "2271"]
[BlackElo "1972"]
[WhiteTeam "C.A. Alekhine-Espartinas"]
[BlackTeam "C.A. Silla-López Instalaciones"]
[WhiteFideId "2243695"]
[BlackFideId "2281554"]
[EventDate "2015.08.08"]

1. d4 Nf6 2. c4 e6 3. g3 d5 4. Nf3 Bd6 5. Bg2 c6 6. Qc2 Nbd7 7. O-O O-O 8. Rd1
Qe7 9. Nbd2 Rd8 10. e4 Nxe4 11. Nxe4 dxe4 12. Qxe4 Nf6 13. Qc2 c5 14. Bg5 h6 15.
dxc5 Bxc5 16. Rxd8+ Qxd8 17. Rd1 Qe7 18. Bxf6 Qxf6 19. Qe2 Qe7 20. Ne5 Qc7 21.
Qh5 Rb8 22. Nxf7 Bxf2+ 23. Kf1 Bd4 24. Nxh6+ gxh6 25. Rxd4 Qf7+ 26. Qxf7+ Kxf7
27. Rd8 b6 28. Kf2 Ke7 29. Rh8 Kd7 30. Ke3 a5 31. Kd4 Kd6 32. b3 e5+ 33. Kc3 Kc7
34. Rh7+ Kd6 35. Rxh6+ 1-0

[Event "TCh-ESP Div 1 2015"]
[Site "Linares ESP"]
[Date "2015.08.08"]
[Round "1.1"]
[Board "4"]
[White "Espinosa Mari, Juan Jose"]
[Black "Aranaz Portugues, Jose Carlos"]
[Result "0-1"]
[WhiteElo "1882"]
[BlackElo "2143"]
[WhiteTeam "C.A. Silla-López Instalaciones"]
[BlackTeam "C.A. Alekhine-Espartinas"]
[WhiteFideId "2282054"]
[BlackFideId "2274710"]
[EventDate "2015.08.08"]

1. e4 e6 2. d4 d5 3. exd5 exd5 4. c4 Nf6 5. Nc3 Be7 6. Nf3 O-O 7. Be2 Be6 8. Qb3
b6 9. O-O Nc6 10. cxd5 Nxd5 11. Qa4 Na5 12. Bd2 c6 13. Nxd5 cxd5 14. Ne5 Bd6 15.
Bxa5 bxa5 16. Rac1 Rc8 17. Bf3 Rxc1 18. Rxc1 Qg5 19. Rd1 Bc7 20. Qc2 Bb6 21. Qd2
Qxd2 22. Rxd2 Rc8 23. h3 g6 24. Ng4 Rc1+ 25. Kh2 Rc4 26. b3 Rxd4 27. Nf6+ Kg7
28. Rxd4 Bxd4 29. Nxd5 Bxf2 30. g4 Bd4 31. Kg2 Bd7 32. Kf1 Kh6 33. Nf4 Kg5 34.
Ng2 f5 35. h4+ Kf6 36. g5+ Ke5 37. Ke2 Bb5+ 38. Kd2 Bf2 39. Be2 Bc6 40. Bf1 Bxg2
41. Bxg2 Bxh4 42. Ke2 Bxg5 43. a3 0-1

[Event "TCh-ESP Div 1 2015"]
[Site "Linares ESP"]
[Date "2015.08.08"]
[Round "1.2"]
[Board "1"]
[White "Silva Rodriguez, Fernando"]
[Black "Baklan, Vladimir"]
[Result "0-1"]
[BlackTitle "GM"]
[WhiteElo "2305"]
[BlackElo "2608"]
[WhiteTeam "C.A. Eva-Manises"]
[BlackTeam "C.A. Jaime Casas"]
[WhiteFideId "2215268"]
[BlackFideId "14102196"]
[EventDate "2015.08.08"]

1. d4 d6 2. Nf3 Nf6 3. c4 g6 4. Nc3 Bf5 5. Nh4 Bd7 6. Nf3 Bg7 7. e4 O-O 8. h3 c5
9. d5 e6 10. Bd3 exd5 11. exd5 Re8+ 12. Be3 Na6 13. O-O Nc7 14. Bf4 Qe7 15. a4
Nh5 16. Bg5 Qf8 17. g4 h6 18. Be3 Nf6 19. Qd2 b6 20. Rfe1 a6 21. Bf1 Ne4 22.
Nxe4 Rxe4 23. Qc2 Rae8 24. Bd3 R4e7 25. Bd2 b5 26. axb5 axb5 27. Rxe7 Rxe7 28.
Rb1 bxc4 29. Bxc4 Qa8 30. Qd3 h5 31. Nh2 hxg4 32. hxg4 Qc8 33. f3 Qe8 34. Kg2
Bb5 35. Bxb5 Qxb5 36. Qxb5 Nxb5 37. Nf1 Bd4 38. Bc3 Re2+ 39. Kg3 Nxc3 40. bxc3
Bxc3 41. Rb8+ Kg7 42. Rd8 g5 43. Kh3 Be5 44. Ng3 Rd2 45. Nh5+ Kh7 46. f4 gxf4
47. Rf8 f3 48. Kh4 Kg6 49. Rg8+ Kh6 50. g5+ Kh7 51. Rf8 Rd4+ 0-1

[Event "TCh-ESP Div 1 2015"]
[Site "Linares ESP"]
[Date "2015.08.08"]
[Round "1.2"]
[Board "2"]
[White "Antoli Royo, Joaquin Miguel"]
[Black "Silva Rodriguez, Julio"]
[Result "1-0"]
[WhiteTitle "IM"]
[WhiteElo "2440"]
[BlackElo "2235"]
[WhiteTeam "C.A. Jaime Casas"]
[BlackTeam "C.A. Eva-Manises"]
[WhiteFideId "2259532"]
[BlackFideId "2215284"]
[EventDate "2015.08.08"]

1. d4 e6 2. Nf3 Nf6 3. e3 d5 4. c4 a6 5. b3 Be7 6. Bd3 O-O 7. O-O c5 8. Bb2 cxd4
9. exd4 b6 10. Nbd2 Bb7 11. Qe2 Nc6 12. Rac1 Re8 13. Rfd1 Bf8 14. Bb1 g6 15. Ne5
Bg7 16. Ndf3 Rc8 17. Nxc6 Rxc6 18. Ne5 Rc7 19. c5 Nd7 20. c6 Nxe5 21. cxb7 Nd7
22. Qxa6 Bh6 23. Rxc7 Qxc7 24. Rd3 Rb8 25. Rc3 Qxb7 26. Qxb7 Rxb7 27. Rc8+ Kg7
28. a4 b5 29. a5 Bd2 30. Ra8 Kf6 31. Kf1 Nb8 32. Bd3 Nc6 33. a6 Ra7 34. Rxa7
Nxa7 35. Ke2 Bb4 36. Bc1 Ke7 37. Bd2 Bxd2 38. Kxd2 Kd6 39. Ke3 Kc6 40. h4 Kb6
41. g4 Kxa6 42. Kf4 Nc6 43. Kg5 Nxd4 44. Kh6 Nf3 45. h5 Ne5 46. Be2 Ka5 47. Kxh7
Nxg4 48. hxg6 fxg6 49. Bxg4 e5 50. Kxg6 Kb4 51. Kf5 e4 52. Ke5 1-0

[Event "TCh-ESP Div 1 2015"]
[Site "Linares ESP"]
[Date "2015.08.08"]
[Round "1.2"]
[Board "3"]
[White "Ballester Llagaria, Luis Eduardo"]
[Black "Ramiro Ovejero, Juan Luis"]
[Result "0-1"]
[BlackTitle "IM"]
[WhiteElo "2258"]
[BlackElo "2343"]
[WhiteTeam "C.A. Eva-Manises"]
[BlackTeam "C.A. Jaime Casas"]
[WhiteFideId "2297620"]
[BlackFideId "2210436"]
[EventDate "2015.08.08"]

1. e4 c6 2. d3 d5 3. Nd2 e5 4. Ngf3 Bd6 5. g3 Nf6 6. Bg2 O-O 7. O-O Re8 8. b3 a5
9. a3 Na6 10. h3 Nc5 11. Bb2 Qc7 12. Nh4 Be6 13. Qe2 Rad8 14. Rae1 Bc8 15. Kh1
b6 16. Nf5 Bf8 17. Ne3 dxe4 18. dxe4 Ba6 19. Nec4 b5 20. Ne3 b4 21. Nec4 bxa3
22. Bxa3 Nxb3 23. cxb3 Bxa3 24. Rd1 Bb4 25. Nf3 Nd7 26. Qc2 f6 27. Nh4 Nb6 28.
Nf5 Nxc4 29. bxc4 g6 30. Ne3 Rd4 31. f4 Red8 32. fxe5 Rxd1 33. Nxd1 Qxe5 34. Ne3
h5 35. Rf3 Rd2 36. Qb3 Rb2 37. Qd3 Bd6 38. Qd1 Kg7 39. Rf5 Qxg3 40. e5 Bxe5 41.
Qd7+ Kh6 0-1

[Event "TCh-ESP Div 1 2015"]
[Site "Linares ESP"]
[Date "2015.08.08"]
[Round "1.2"]
[Board "4"]
[White "Rudolf, Anna"]
[Black "Nieves Cabanes, Javier"]
[Result "1-0"]
[WhiteTitle "IM"]
[WhiteElo "2298"]
[BlackElo "2152"]
[WhiteTeam "C.A. Jaime Casas"]
[BlackTeam "C.A. Eva-Manises"]
[WhiteFideId "722855"]
[BlackFideId "22245707"]
[EventDate "2015.08.08"]

1. e4 c6 2. d4 d5 3. e5 Bf5 4. Nf3 e6 5. Be2 c5 6. O-O Nc6 7. Nbd2 cxd4 8. Nb3
Nge7 9. Nbxd4 Be4 10. c3 a6 11. Bf4 Ng6 12. Bg3 Bxf3 13. Nxf3 Be7 14. Bd3 O-O
15. Re1 b5 16. h4 Bxh4 17. Nxh4 Nxh4 18. Bxh7+ Kxh7 19. Qh5+ Kg8 20. Bxh4 Ne7
21. Re3 Rc8 22. Bf6 1-0

[Event "TCh-ESP Div 1 2015"]
[Site "Linares ESP"]
[Date "2015.08.08"]
[Round "1.3"]
[Board "1"]
[White "Vassallo Barroche, Mauricio"]
[Black "Adla, Diego"]
[Result "1-0"]
[WhiteTitle "IM"]
[BlackTitle "IM"]
[WhiteElo "2430"]
[BlackElo "2437"]
[WhiteTeam "C.E. Barberá"]
[BlackTeam "C.A. Stadium Casablanca"]
[WhiteFideId "101648"]
[BlackFideId "100072"]
[EventDate "2015.08.08"]

1. Nf3 c5 2. c4 g6 3. d4 cxd4 4. Nxd4 Bg7 5. g3 Nc6 6. Nc2 Qb6 7. Nd2 Nf6 8. Bg2
O-O 9. O-O Rd8 10. Ne3 e6 11. Ne4 Nxe4 12. Bxe4 Qc5 13. Bg2 b5 14. cxb5 Qxb5 15.
a4 Qc5 16. b4 Nxb4 17. Bxa8 Bxa1 18. Ba3 Bg7 19. Qb3 a5 20. Rc1 Qa7 21. Bf3 d5
22. Bb2 Ba6 23. Bxg7 Kxg7 24. Qb2+ d4 25. Ng4 h5 26. Ne5 Qb8 27. Rc5 Qb6 28. Qc1
Nd5 29. Bxd5 Rxd5 30. Rc6 Qb8 31. Nxf7 Kxf7 32. Rxa6 d3 33. exd3 Rxd3 34. Rxa5
Qd8 35. Qf4+ Kg8 36. Qe5 Rd1+ 37. Kg2 Qc8 38. Ra7 Qc6+ 39. Kh3 Rd7 40. Qb8+ Kh7
41. Qe8 1-0

[Event "TCh-ESP Div 1 2015"]
[Site "Linares ESP"]
[Date "2015.08.08"]
[Round "1.3"]
[Board "3"]
[White "Perez Manas, Benjamin"]
[Black "Quintin Navarro, Alberto"]
[Result "1-0"]
[WhiteTitle "FM"]
[BlackTitle "FM"]
[WhiteElo "2321"]
[BlackElo "2363"]
[WhiteTeam "C.E. Barberá"]
[BlackTeam "C.A. Stadium Casablanca"]
[WhiteFideId "22200169"]
[BlackFideId "2292688"]
[EventDate "2015.08.08"]

1. e4 e6 2. d4 d5 3. Nd2 Be7 4. e5 c5 5. c3 Nc6 6. Ngf3 Qb6 7. Bd3 cxd4 8. cxd4
Nh6 9. O-O Nf5 10. Nb3 h6 11. g4 Nh4 12. Nxh4 Bxh4 13. Be3 Be7 14. a4 a5 15. Rc1
Nb4 16. Bb1 Bd7 17. Nc5 Bxc5 18. dxc5 Qc7 19. f4 h5 20. gxh5 O-O-O 21. c6 Bxc6
22. Bc5 d4 23. Bxb4 axb4 24. Be4 Kb8 25. Bxc6 bxc6 26. Qd3 Qb6 27. a5 Qb5 28.
Qxb5+ cxb5 29. Rc5 Rc8 30. Rxb5+ Ka7 31. Rxb4 Rhd8 32. Rd1 d3 33. Rb3 d2 34. Rc3
Rxc3 35. bxc3 Ka6 36. Kf2 Rd3 37. Ke2 Rxc3 38. Rxd2 Rh3 39. Rd7 Rxh5 40. Rxf7
Kxa5 41. Rxg7 Rxh2+ 42. Ke3 Rh6 43. Rf7 1-0

[Event "TCh-ESP Div 1 2015"]
[Site "Linares ESP"]
[Date "2015.08.08"]
[Round "1.3"]
[Board "4"]
[White "Moreno Gracia, Daniel"]
[Black "Martinez Ramirez, Erik"]
[Result "1-0"]
[WhiteTitle "FM"]
[BlackTitle "FM"]
[WhiteElo "2337"]
[BlackElo "2311"]
[WhiteTeam "C.A. Stadium Casablanca"]
[BlackTeam "C.E. Barberá"]
[WhiteFideId "2262266"]
[BlackFideId "22202366"]
[EventDate "2015.08.08"]

1. e4 c5 2. Nf3 g6 3. d4 cxd4 4. Qxd4 Nf6 5. Nc3 Nc6 6. Qa4 Qc7 7. Bg5 Ng4 8.
Nd5 Qb8 9. h3 Nge5 10. Nxe5 Qxe5 11. Bf4 Qxb2 12. Rd1 Kd8 13. Bb5 a6 14. Bxc6 1-0

[Event "TCh-ESP Div 1 2015"]
[Site "Linares ESP"]
[Date "2015.08.08"]
[Round "1.4"]
[Board "1"]
[White "Iturrizaga Bonelli, Eduardo"]
[Black "Pena Gomez, Manuel"]
[Result "1/2-1/2"]
[WhiteTitle "GM"]
[BlackTitle "IM"]
[WhiteElo "2625"]
[BlackElo "2462"]
[WhiteTeam "Equigoma-Casa Social Católica"]
[BlackTeam "C.A. Universidad de Vigo"]
[WhiteFideId "3901211"]
[BlackFideId "2252813"]
[EventDate "2015.08.08"]

1. Nf3 Nf6 2. c4 e6 3. Nc3 Bb4 4. Qc2 d6 5. g3 O-O 6. Bg2 Bxc3 7. Qxc3 e5 8. O-O
Re8 9. d3 Nc6 10. b4 Bg4 11. b5 Bxf3 12. exf3 Nd4 13. Re1 a6 14. bxa6 Rxa6 15.
f4 Qa8 16. Be3 Rxa2 17. Rxa2 Qxa2 18. fxe5 dxe5 19. Bxd4 exd4 20. Rxe8+ Nxe8 21.
Qe1 Kf8 22. Bxb7 Qa3 23. Bc6 Nf6 24. Qb1 g6 25. Qb8+ Kg7 26. Qxc7 Qxd3 27. c5
Qe2 28. Qf4 d3 29. Bf3 Qb2 30. Kg2 d2 31. Qd6 Qb4 32. Qe5 Qa4 33. Qd6 Qb4 34.
Qe5 Qa4 35. Qd6 1/2-1/2

[Event "TCh-ESP Div 1 2015"]
[Site "Linares ESP"]
[Date "2015.08.08"]
[Round "1.4"]
[Board "2"]
[White "Paramos Dominguez, Roberto"]
[Black "Arizmendi Martinez, Julen Luis"]
[Result "1/2-1/2"]
[WhiteTitle "IM"]
[BlackTitle "GM"]
[WhiteElo "2398"]
[BlackElo "2529"]
[WhiteTeam "C.A. Universidad de Vigo"]
[BlackTeam "Equigoma-Casa Social Católica"]
[WhiteFideId "2202565"]
[BlackFideId "2205092"]
[EventDate "2015.08.08"]

1. e4 e6 2. d4 d5 3. Nc3 Be7 4. Nf3 Nf6 5. Bd3 c5 6. exd5 exd5 7. O-O c4 8. Be2
Nc6 9. b3 cxb3 10. axb3 O-O 11. Ne5 Nb4 12. Na4 Ne4 13. f3 Nd6 14. c3 Nc6 15.
Nxc6 bxc6 16. Re1 Bh4 17. g3 Be7 18. Bf1 Nf5 19. Ba3 Bxa3 20. Rxa3 h5 21. Bd3
Nd6 22. Re5 g6 23. Ra2 Bh3 24. Nc5 Re8 25. Rae2 Rxe5 26. Rxe5 Qf6 27. Qe2 Kg7
28. Re7 Ne4 29. Rxe4 dxe4 30. fxe4 Qg5 31. Qe1 h4 32. e5 hxg3 33. hxg3 Rh8 34.
Be4 Bf5 35. Bg2 Qh6 36. Kf2 g5 37. Qe3 Qg6 38. c4 Bh3 39. Be4 Bf5 40. Bg2 Bh3
41. Be4 Bf5 42. Bg2 1/2-1/2

[Event "TCh-ESP Div 1 2015"]
[Site "Linares ESP"]
[Date "2015.08.08"]
[Round "1.4"]
[Board "3"]
[White "Castellanos Rodriguez, Renier"]
[Black "Garcia Castro, Pablo"]
[Result "1/2-1/2"]
[WhiteTitle "IM"]
[BlackTitle "IM"]
[WhiteElo "2468"]
[BlackElo "2375"]
[WhiteTeam "Equigoma-Casa Social Católica"]
[BlackTeam "C.A. Universidad de Vigo"]
[WhiteFideId "3404650"]
[BlackFideId "2209365"]
[EventDate "2015.08.08"]

1. e4 e5 2. Nf3 d6 3. d4 exd4 4. Nxd4 Nf6 5. Nc3 Be7 6. Nde2 Nc6 7. h3 O-O 8. g3
d5 9. exd5 Nb4 10. Bg2 Bf5 11. Nd4 Bg6 12. O-O Bc5 13. a3 Nd3 14. Nb3 Nxf2 15.
Rxf2 Bxf2+ 16. Kxf2 Re8 17. Bf4 Nh5 18. Qd2 Nxf4 19. Qxf4 Bxc2 20. Nc5 Qe7 21.
N5e4 Rad8 22. Rc1 Bd3 23. Rd1 f5 24. d6 cxd6 25. Ng5 Be4 26. Nd5 Qe5 27. Qxe5
Rxe5 28. Nxe4 fxe4 29. Ke3 Rc8 30. Bxe4 Rc2 31. b4 Rc4 32. Rd4 Rxd4 33. Kxd4 h5
34. h4 g5 35. Ne3 gxh4 36. gxh4 b6 37. Nc4 Re7 38. Nxd6 Rg7 39. Nf5 Rg1 40. Bf3
Ra1 41. Bxh5 Rxa3 42. Be2 a6 43. Ne7+ Kf7 44. Nd5 b5 45. h5 a5 46. Kc5 axb4 47.
Kxb4 Rg3 48. Bxb5 Kg7 1/2-1/2

[Event "TCh-ESP Div 1 2015"]
[Site "Linares ESP"]
[Date "2015.08.08"]
[Round "1.4"]
[Board "4"]
[White "Senlle Caride, Miguel"]
[Black "Corral Blanco, Juan Antonio"]
[Result "1-0"]
[WhiteTitle "FM"]
[BlackTitle "FM"]
[WhiteElo "2320"]
[BlackElo "2432"]
[WhiteTeam "C.A. Universidad de Vigo"]
[BlackTeam "Equigoma-Casa Social Católica"]
[WhiteFideId "2282500"]
[BlackFideId "2200368"]
[EventDate "2015.08.08"]

1. Nf3 Nf6 2. g3 d5 3. Bg2 c6 4. O-O Bg4 5. c4 e6 6. cxd5 exd5 7. d3 Be7 8. Qb3
Qb6 9. Qc2 Na6 10. a3 Nc5 11. Be3 Qb3 12. Qc1 Bxf3 13. Bxf3 Qb5 14. Nc3 Qb3 15.
Bxc5 Bxc5 16. Nxd5 Bxf2+ 17. Rxf2 Nxd5 18. Bxd5 Qxd5 19. Qe3+ Kf8 20. Raf1 f6
21. Rf5 Qd6 22. Re5 Kf7 23. Rf2 b6 24. Qe4 Rhe8 25. Rxe8 Rxe8 26. Qxh7 Qc5 27.
Kg2 Qd5+ 28. e4 Qxd3 29. Rxf6+ Ke7 30. Qxg7+ Kd8 31. Rf4 Qe2+ 32. Kh3 Rxe4 33.
Qg4 Qxg4+ 34. Kxg4 Re2 35. h4 Rxb2 36. h5 Rh2 37. Kg5 Ke7 38. h6 Rh3 39. g4 Rxa3
40. h7 Rh3 41. Kg6 b5 42. Kg7 c5 43. h8=Q Rxh8 44. Kxh8 b4 45. g5 1-0

[Event "TCh-ESP Div 1 2015"]
[Site "Linares ESP"]
[Date "2015.08.09"]
[Round "2.1"]
[Board "1"]
[White "Oliva Castaneda, Kevel"]
[Black "Pena Gomez, Manuel"]
[Result "1/2-1/2"]
[WhiteTitle "IM"]
[BlackTitle "IM"]
[WhiteElo "2488"]
[BlackElo "2462"]
[WhiteTeam "C.A. Silla-López Instalaciones"]
[BlackTeam "C.A. Universidad de Vigo"]
[WhiteFideId "3500799"]
[BlackFideId "2252813"]
[EventDate "2015.08.08"]

1. Nf3 Nf6 2. c4 e6 3. g3 d5 4. Bg2 Be7 5. O-O O-O 6. d4 dxc4 7. Qa4 a6 8. Qxc4
b5 9. Qc2 Bb7 10. Bd2 Be4 11. Qc1 Nc6 12. e3 b4 13. Ne5 Bxg2 14. Nxc6 Bxc6 15.
Qxc6 Qd5 16. Rc1 Bd6 17. a3 a5 18. Be1 Qxc6 19. Rxc6 e5 20. dxe5 Bxe5 21. axb4
axb4 22. Rxa8 Rxa8 23. Bxb4 Ra1 24. Rc1 Bxb2 25. Rd1 h5 26. Kf1 c6 27. Ke2 Nd5
28. Be1 f5 29. f3 Kf7 30. Kd3 Ke6 1/2-1/2

[Event "TCh-ESP Div 1 2015"]
[Site "Linares ESP"]
[Date "2015.08.09"]
[Round "2.1"]
[Board "2"]
[White "Paramos Dominguez, Roberto"]
[Black "Granero Roca, Antonio"]
[Result "0-1"]
[WhiteTitle "IM"]
[BlackTitle "IM"]
[WhiteElo "2398"]
[BlackElo "2397"]
[WhiteTeam "C.A. Universidad de Vigo"]
[BlackTeam "C.A. Silla-López Instalaciones"]
[WhiteFideId "2202565"]
[BlackFideId "2210509"]
[EventDate "2015.08.08"]

1. e4 e5 2. Nf3 Nc6 3. Bc4 Bc5 4. b4 Bxb4 5. c3 Ba5 6. d4 Qe7 7. O-O Bb6 8. a4
a5 9. dxe5 Nxe5 10. Nxe5 Qxe5 11. Qb3 Qh5 12. e5 Nh6 13. Ba3 Ng4 14. h3 Nxe5 15.
Nd2 d6 16. Bxd6 cxd6 17. Qxb6 O-O 18. Bd5 Bxh3 19. gxh3 Qg5+ 20. Bg2 Qxd2 21.
Rfd1 Qxc3 22. Rac1 Qb4 23. Rb1 Qf4 24. Qxb7 Rad8 25. Qd5 Qxa4 26. Ra1 Qh4 27.
Rxa5 Ng6 28. Qf3 Rfe8 29. Rad5 Re6 30. R5d4 Qe7 31. Qc3 Nh4 32. Bd5 Rg6+ 33. Kf1
Nf5 34. Re4 Qf6 35. Rde1 h5 36. Qxf6 Rxf6 37. Ra4 g6 38. Kg2 Kf8 39. Ra7 Re8 40.
Rxe8+ Kxe8 41. Ra8+ Ke7 42. Bc6 Ke6 43. f4 Ne7 0-1

[Event "TCh-ESP Div 1 2015"]
[Site "Linares ESP"]
[Date "2015.08.09"]
[Round "2.1"]
[Board "3"]
[White "Aquino, Jose Rodolfo"]
[Black "Garcia Castro, Pablo"]
[Result "1/2-1/2"]
[BlackTitle "IM"]
[WhiteElo "2180"]
[BlackElo "2375"]
[WhiteTeam "C.A. Silla-López Instalaciones"]
[BlackTeam "C.A. Universidad de Vigo"]
[WhiteFideId "2287048"]
[BlackFideId "2209365"]
[EventDate "2015.08.08"]

1. e4 g6 2. d4 Bg7 3. h4 d5 4. e5 c5 5. Nc3 Nc6 6. Bb5 a6 7. Bxc6+ bxc6 8. Be3
Rb8 9. Qd2 Qa5 10. O-O-O Qb4 11. b3 cxd4 12. Qxd4 Nh6 13. f4 Nf5 14. Qxb4 Rxb4
15. Bd2 Rb8 16. Nf3 h5 17. Na4 Ng3 18. Rhe1 Bg4 19. Nc5 Ra8 20. e6 f6 21. Re3
Nf5 22. Rc3 Bh6 23. Rh1 O-O 24. Nh2 d4 25. Rc4 Be2 26. Ra4 a5 27. Nf3 Rfd8 28.
Nd7 Bb5 29. Rxd4 a4 30. c4 axb3 31. cxb5 bxa2 32. Kb2 Nxd4 33. Nxd4 cxb5 34. Nc6
Re8 35. Ra1 Ra6 36. Ndb8 Rb6 37. Rxa2 Rexb8 38. Nxb8 Rxb8 39. Ra7 Bf8 40. Be3
Rc8 41. Ra6 Rc4 42. Bd2 f5 43. g3 Bg7+ 44. Kb3 Bf6 45. Rb6 Rd4 46. Kc2 Re4 47.
Kd3 Kg7 48. Rxb5 Rxe6 49. Be3 Ra6 50. Rc5 Kf7 51. Rc2 Ke6 52. Bf2 Ra3+ 53. Kc4
Ra4+ 54. Kd3 Kd5 55. Rc5+ Kd6 56. Rc2 e5 57. fxe5+ Bxe5 58. Rd2 Kd5 59. Ke3+ Ke6
60. Rd3 f4+ 61. gxf4 Rxf4 62. Rb3 Kf5 63. Rb5 Ra4 64. Kf3 Ra3+ 65. Kg2 Rd3 66.
Ra5 Rb3 67. Bd4 Kg4 1/2-1/2

[Event "TCh-ESP Div 1 2015"]
[Site "Linares ESP"]
[Date "2015.08.09"]
[Round "2.1"]
[Board "4"]
[White "Senlle Caride, Miguel"]
[Black "Zaragoza Montesinos, Ignasi"]
[Result "1/2-1/2"]
[WhiteTitle "FM"]
[WhiteElo "2320"]
[BlackElo "1972"]
[WhiteTeam "C.A. Universidad de Vigo"]
[BlackTeam "C.A. Silla-López Instalaciones"]
[WhiteFideId "2282500"]
[BlackFideId "2281554"]
[EventDate "2015.08.08"]

1. e4 Nf6 2. e5 Nd5 3. d4 d6 4. c4 Nb6 5. exd6 exd6 6. Nc3 Nc6 7. Nf3 Bg4 8. Be3
Be7 9. h3 Bh5 10. g4 Bg6 11. Qd2 d5 12. c5 Nc4 13. Bxc4 dxc4 14. O-O-O Nb4 15.
Ne5 Nd3+ 16. Nxd3 Bxd3 17. f4 Qd7 18. Qf2 b6 19. d5 bxc5 20. Bxc5 O-O 21. Rhe1
Bd6 22. Qd4 Rab8 23. b3 Bxc5 24. Qxc5 Qd6 25. Qxd6 cxd6 26. Re7 Rfe8 27. Rxe8+
Rxe8 28. Kd2 a6 29. b4 Rb8 30. a3 Kf8 31. Ke3 Ke7 32. Kd4 Kd7 33. Re1 Rb7 34.
Rd1 Bc2 35. Rd2 Bd3 36. Rb2 Rb8 37. b5 axb5 38. Rxb5 Rxb5 39. Nxb5 Bf1 40. h4
Be2 41. g5 f6 42. a4 fxg5 43. fxg5 c3 44. Nxc3 Ba6 45. h5 g6 46. h6 Kc7 47. Ke4 1/2-1/2

[Event "TCh-ESP Div 1 2015"]
[Site "Linares ESP"]
[Date "2015.08.09"]
[Round "2.2"]
[Board "1"]
[White "Adla, Diego"]
[Black "Iturrizaga Bonelli, Eduardo"]
[Result "0-1"]
[WhiteTitle "IM"]
[BlackTitle "GM"]
[WhiteElo "2437"]
[BlackElo "2625"]
[WhiteTeam "C.A. Stadium Casablanca"]
[BlackTeam "Equigoma-Casa Social Católica"]
[WhiteFideId "100072"]
[BlackFideId "3901211"]
[EventDate "2015.08.08"]

1. e4 c5 2. Nf3 e6 3. d3 Nc6 4. g3 e5 5. Bg2 g6 6. O-O Bg7 7. c3 Nge7 8. Be3 d6
9. a3 a5 10. a4 O-O 11. Na3 h6 12. Nd2 Be6 13. f4 exf4 14. gxf4 f5 15. Ndc4 b6
16. Qe2 Ra7 17. Nb5 Rd7 18. Rad1 d5 19. exd5 Bxd5 20. Bxd5+ Nxd5 21. Qf3 g5 22.
fxg5 hxg5 23. h3 Qf6 24. Bc1 Qg6 25. Qg2 f4 26. Qg4 Re7 27. h4 Bh6 28. hxg5 Rf5
29. Kf2 Rxg5 30. Qf3 Ne3 0-1

[Event "TCh-ESP Div 1 2015"]
[Site "Linares ESP"]
[Date "2015.08.09"]
[Round "2.2"]
[Board "2"]
[White "Arizmendi Martinez, Julen Luis"]
[Black "Glavina, Pablo"]
[Result "1-0"]
[WhiteTitle "GM"]
[BlackTitle "IM"]
[WhiteElo "2529"]
[BlackElo "2387"]
[WhiteTeam "Equigoma-Casa Social Católica"]
[BlackTeam "C.A. Stadium Casablanca"]
[WhiteFideId "2205092"]
[BlackFideId "100234"]
[EventDate "2015.08.08"]

1. e4 e5 2. Nf3 Nc6 3. Bb5 a6 4. Bxc6 dxc6 5. O-O Qf6 6. d4 exd4 7. Bg5 Qd6 8.
Nxd4 Bd7 9. Nc3 Be7 10. Bxe7 Nxe7 11. Nb3 O-O-O 12. Qe2 Ng6 13. f4 Kb8 14. Rad1
Qe7 15. Qh5 Bc8 16. g3 b6 17. Nd4 Bb7 18. a3 Nf8 19. Qe5 Ne6 20. f5 Qg5 21. Nf3
Qe3+ 22. Kg2 Rxd1 23. Nxd1 Qe2+ 24. Nf2 Nc5 25. b4 Nd7 26. Qxg7 Re8 27. Qd4 Nf8
28. Qd3 Qxd3 29. cxd3 Nd7 30. Ng5 Re7 31. Nxh7 f6 32. Nxf6 Nxf6 33. g4 c5 34.
bxc5 bxc5 35. Rc1 Nd7 36. Kg3 Kc8 37. g5 Kd8 38. h4 Ke8 39. h5 Kf7 40. Kf4 Bc6
41. Ng4 Bb5 42. g6+ Kg8 43. Rc3 Re8 44. f6 Re6 45. Nh6+ 1-0